000 00614nam a2200229Ia 4500
005 20250508165306.0
008 008 250505s9999 xx 000 0 eng d
020 _a978-81-250-2307-4
037 _aTextBook
040 _aFEDL
_beng
_cFEDL
041 _aeng
_2eng
084 _a374, JHA/R
_qFEDL
100 _aJohnson Jim
_9780414
245 0 _aPassing the literacy skills test
250 _a3
260 _aLondon, UK
_bSage Publications Ltd.
_c2012
300 _aix, 115p.
365 _aGBP
_b9.99
700 _a Bond Bruce
_9780415
942 _cTB
_h374, JHA/R
999 _c1394243
_d1394243